00796nam a2200193 i 4500001000700000003000900007005001700016007000300033008004100036100003900077245010400116260005400220300003100274500005600305710004300361852003300404999001900437952014600456103836ES-MaACL20230906183444.0t|051118s1950 cu ||||1| spa d1 aMesa Rodríguez, Manuel I.98064110aTres retratos de Luz y Caballero / cdiscurso leído por el... Prof. Manuel I. Mesa Rodríguez... aLa Habana : b[s.n.], c1950 (fImp. El Siglo XX) a38 p., 3 lám. ; c25 cm. aPrecede al tít.: Academia de la Historia de Cuba.2 aAcademia de la Historia de Cuba.91183 aES-MaACLj1917-F-8 bR.30868 c103836d103836 001040708Colección_de_folletosaATENEOMbATENEOMcDEPOFd2008-01-17eSCl0o1917-F-8p1108409r2023-02-23 00:00:00w2023-02-23yFOLLETOS